Professional WordPress : design and development

שמור ב:
מידע ביבליוגרפי
מחבר ראשי:  Williams, Brad
פורמט: Sách
שפה:Undetermined
יצא לאור:  John Wiley & Sons, Inc  2013
נושאים:
תגים: הוספת תג
אין תגיות, היה/י הראשונ/ה לתייג את הרשומה!
Thư viện lưu trữ: Trung tâm Thư viện - Trường Đại học Công nghiệp TP. Hồ Chí Minh
LEADER 00504nam a2200157Ia 4500
001 UIH_04506
008 231011s9999 xx 000 0 und d
082 |a  006.78 
100 |a  Williams, Brad 
245 0 |a  Professional WordPress : design and development 
245 0 |c  Williams, Brad 
260 |b  John Wiley & Sons, Inc 
260 |c  2013 
650 |a  Phát triển trang Web;  
927 |a Sách 
980 |a Trung tâm Thư viện - Trường Đại học Công nghiệp TP. Hồ Chí Minh